000 01221cam a2200313 a 4500
999 _c1168
_d1168
001 5156442
003 CaAEU
005 20210624075852.0
008 960910s1997 maua b 001 0 eng
010 _a 96036527
020 _a0240802543 (paper)
035 _aocm35637521
035 _a154198
040 _aDLC
_cDLC
_dDLC
_dOrLoB-B
050 _aP90
_b.F27 1997
090 _a
_bAEGMCT
100 1 _aFang, Irving E.
245 1 2 _aA history of mass communication :
_bsix information revolutions /
_cIrving Fang.
260 _aBoston :
_bFocal Press,
_cc1997.
300 _axxxiv, 280 p. :
_bill. ;
_c26 cm.
336 _atext
_btxt
_2rdacontent
337 _aunmediated
_bn
_2rdamedia
338 _avolume
_bnc
_2rdacarrier
504 _aIncludes bibliographical references (p. 244-254) and index.
505 0 _aWhat Are Information Revolutions? -- 1. Writing: The First Revolution -- 2. Printing: The Second Revolution -- 3. Mass Media: The Third Revolution -- 4. Entertainment: The Fourth Revolution -- 5. The Toolshed Home: The Fifth Revolution -- 6. The Highway: The Sixth Revolution -- A Summing Up.
650 0 _aCommunication
_xHistory.
942 _2lcc
_cBK
_nJE
948 _a08/30/2000
_b05/26/2008
_zSirsi